[Event "II Open de Lisboa - Xeque Mate ao Verão "]
[Site "Espaço da Juventude nos Olivai"]
[Date "2014.08.11"]
[Round "3.18"]
[White "Romano, Joao Manuel Pereira"]
[Black "Catarino, Marcio Lopes"]
[Result "1-0"]
[WhiteElo "1593"]
[BlackElo "1858"]
[PlyCount "115"]
[EventDate "2014.08.10"]

1. e4 d6 2. d4 Nf6 3. Nc3 g6 4. Nf3 Bg7 5. Be2 O-O 6. O-O Nc6 7. h3 Bd7 8. Be3
a6 9. a4 h6 10. Qd2 Kh7 11. Rfe1 e5 12. dxe5 dxe5 13. Bc4 Qe7 14. a5 Rad8 15.
Qe2 Be6 16. Nd2 Nd4 17. Bxd4 exd4 18. Na4 Rfe8 19. Bd3 Qb4 20. b3 Qxa5 21. b4
Qh5 22. Nc5 Bc8 23. Qxh5 Nxh5 24. g3 Bf8 25. Ndb3 Nf6 26. Kg2 Nd7 27. f4 Nxc5
28. Nxc5 Bxc5 29. bxc5 Re6 30. g4 Rc6 31. Ra5 Kg7 32. e5 b5 33. cxb6 cxb6 34.
Raa1 b5 35. Kg3 Be6 36. f5 Bc4 37. Kf4 Bxd3 38. cxd3 b4 39. Reb1 Rb6 40. Ke4 g5
41. Ra4 b3 42. Ra3 Rc6 43. Rbxb3 Rc2 44. Kf3 Rh2 45. Kg3 Re2 46. e6 fxe6 47.
Rb7+ Kg8 48. Rxa6 exf5 49. Rg6+ Kh8 50. Rxh6+ Kg8 51. Rg6+ Kh8 52. gxf5 Re3+
53. Kg4 Rxd3 54. Rbg7 Re3 55. f6 Re4+ 56. Kg3 Rh4 57. f7 d3 58. Rg8+ 1-0

[Event "II Open de Lisboa - Xeque Mate ao Verão "]
[Site "Espaço da Juventude nos Olivai"]
[Date "2014.08.11"]
[Round "3.21"]
[White "Gasalho, Mario Da Conceicao N"]
[Black "Aguiar, Carlos Alberto Branc"]
[Result "0-1"]
[WhiteElo "1547"]
[BlackElo "1809"]
[PlyCount "124"]
[EventDate "2014.08.10"]

1. Nf3 Nf6 2. c4 g6 3. Nc3 Bg7 4. e4 d6 5. d4 O-O 6. Be2 Nbd7 7. O-O e5 8. Bg5
h6 9. Bh4 g5 10. Bg3 Qe7 11. d5 Nc5 12. Qc2 a5 13. Nd2 Nh7 14. f3 f5 15. a3 a4
16. Bf2 b6 17. Bxc5 bxc5 18. Nxa4 f4 19. Nc3 h5 20. h3 Rf6 21. Kf2 Rg6 22. Rh1
Nf6 23. Rag1 h4 24. Ra1 Nh5 25. Nf1 Ng3 26. Nxg3 hxg3+ 27. Ke1 Kf7 28. Kd2 Bd7
29. b4 Qe8 30. b5 Qb8 31. Rhb1 Qb6 32. a4 Bf6 33. Kd3 Rgg8 34. Qa2 Ra5 35. Bd1
Rh8 36. Be2 Rha8 37. Bd1 Qb8 38. Be2 Qh8 39. Rh1 Qb8 40. Kd2 Qb6 41. Rhb1 R5a7
42. Kd3 Qa5 43. Bd1 Rh8 44. Be2 Rh4 45. Rh1 Ra8 46. Qc2 Rah8 47. Qb3 Bxh3 48.
Rxh3 Rxh3 49. gxh3 Rxh3 50. Bf1 Rh1 51. Qb2 Rh2 52. Bg2 g4 53. Rh1 Qa8 54. Rxh2
gxh2 55. fxg4 Qh8 56. Qf2 h1=Q 57. Bxh1 Qxh1 58. a5 Bh4 59. Qa2 f3 60. a6 f2
61. a7 f1=Q+ 62. Ne2 Qhf3+ 0-1

[Event "II Open de Lisboa - Xeque Mate ao Verão "]
[Site "Espaço da Juventude nos Olivai"]
[Date "2014.08.11"]
[Round "3.23"]
[White "Goncalves, Goncalo Cravo Jesus"]
[Black "Santos, Jose Manuel Duarte C"]
[Result "0-1"]
[WhiteElo "1543"]
[BlackElo "1853"]
[PlyCount "104"]
[EventDate "2014.08.10"]

1. d4 Nf6 2. c4 g6 3. Nf3 Bg7 4. g3 O-O 5. Bg2 d6 6. O-O Nbd7 7. Nc3 e5 8. d5
a5 9. e4 Nc5 10. Ne1 Ne8 11. Nd3 Nxd3 12. Qxd3 f5 13. f4 Nf6 14. fxe5 dxe5 15.
Bg5 c6 16. d6 a4 17. c5 Be6 18. Bh3 Qa5 19. Qe3 Nd7 20. exf5 gxf5 21. Ne4 Qb4
22. Be7 Bd5 23. Bxf8 Rxf8 24. Bxf5 Rxf5 25. Rxf5 Bxe4 26. Rf2 Nxc5 27. Qg5 h6
28. Qd8+ Kh7 29. d7 Qd4 30. Qb6 Nxd7 31. Qxd4 exd4 32. Rf7 Nc5 33. Rc1 b6 34.
Re7 Bd5 35. Rd1 Kg6 36. a3 d3 37. Rd2 Bd4+ 38. Kf1 Be4 39. Rxe4 Nxe4 40. Rxd3
c5 41. Ke2 Bxb2 42. Re3 Kf5 43. Kd3 Nd6 44. Kc2 Be5 45. Kd3 c4+ 46. Kc2 Bd4 47.
Re2 Nb5 48. Re8 Nxa3+ 49. Kc1 b5 50. Ra8 Ke4 51. Ra6 Kd3 52. Ra8 c3 0-1

[Event "II Open de Lisboa - Xeque Mate ao Verão "]
[Site "Espaço da Juventude nos Olivai"]
[Date "2014.08.13"]
[Round "5.1"]
[White "Damaso, Rui"]
[Black "Reis, Luis Sousa"]
[Result "1-0"]
[WhiteElo "2401"]
[BlackElo "2190"]
[PlyCount "87"]
[EventDate "2014.08.10"]

1. d4 Nf6 2. Nf3 e6 3. c4 Bb4+ 4. Bd2 Qe7 5. g3 O-O 6. Bg2 Nc6 7. O-O Bxd2 8.
Qxd2 Ne4 9. Qe3 f5 10. d5 Nb4 11. Rc1 e5 12. Nc3 Nxc3 13. Qxc3 e4 14. d6 Qxd6
15. c5 Qe7 16. Qxb4 exf3 17. Bxf3 a5 18. Qf4 Qd8 19. Rc3 Ra6 20. Rd1 Rh6 21. h4
Rff6 22. Rd5 d6 23. Rdd3 c6 24. cxd6 Rxd6 25. Qc4+ Be6 26. Qc5 Bxa2 27. Qxf5
Bb1 28. Rxd6 Rxd6 29. Qe5 Bg6 30. Rc5 b6 31. Rxc6 Rxc6 32. Bxc6 Bf7 33. Be4 g6
34. Bd3 Qc8 35. Qf6 Qc5 36. Kg2 Qb4 37. Qe5 a4 38. f3 Bc4 39. Qe4 b5 40. h5
gxh5 41. Qxh7+ Kf8 42. Qh6+ Ke7 43. Qg5+ Kd6 44. Qd8+ 1-0

[Event "II Open de Lisboa - Xeque Mate ao Verão "]
[Site "Espaço da Juventude nos Olivai"]
[Date "2014.08.13"]
[Round "5.2"]
[White "Pires, Emanuel Joao Robarts"]
[Black "Ulyanovskyy, Viktor"]
[Result "0-1"]
[WhiteElo "2093"]
[BlackElo "2280"]
[PlyCount "80"]
[EventDate "2014.08.10"]

1. e4 c5 2. d4 cxd4 3. c3 dxc3 4. Nxc3 Nc6 5. Nf3 d6 6. Bc4 e6 7. O-O Be7 8.
Qe2 a6 9. Rd1 Qa5 10. Bf4 Nf6 11. Bxd6 Bxd6 12. Rxd6 O-O 13. Rad1 Ne5 14. Nxe5
Qxe5 15. a4 Rb8 16. Rd8 b6 17. h3 g5 18. Qd2 Rxd8 19. Qxd8+ Kg7 20. Qe7 b5 21.
axb5 axb5 22. Bb3 Rb7 23. Qb4 Bd7 24. Rd2 Bc6 25. Rd8 Bxe4 26. Nxe4 Qxe4 27.
Qf8+ Kg6 28. Qc5 Nd7 29. Qc8 Qe1+ 30. Kh2 Qe5+ 31. g3 Qc7 32. Rg8+ Kf6 33. Qa8
Qb6 34. Kg1 Ra7 35. Qf3+ Ke7 36. Rh8 Ne5 37. Qd1 Rd7 38. Qe2 Rd2 39. Qe3 Qxe3
40. fxe3 Rxb2 0-1

[Event "II Open de Lisboa - Xeque Mate ao Verão "]
[Site "Espaço da Juventude nos Olivai"]
[Date "2014.08.13"]
[Round "5.3"]
[White "Ferreira, Hugo Miguel Da Costa"]
[Black "Bolhari, Orphe Iraj"]
[Result "1/2-1/2"]
[WhiteElo "1878"]
[BlackElo "2144"]
[PlyCount "109"]
[EventDate "2014.08.10"]

1. d4 d5 2. f4 Bf5 3. Nf3 e6 4. e3 c5 5. Be2 Nc6 6. c3 Rc8 7. O-O Be7 8. Ne5
Nxe5 9. fxe5 a6 10. Nd2 Bg6 11. Nf3 h5 12. Bd3 Bxd3 13. Qxd3 Nh6 14. e4 c4 15.
Qe2 b5 16. exd5 Qxd5 17. Bg5 Nf5 18. Bxe7 Kxe7 19. Ng5 h4 20. Rae1 Rh6 21. Qc2
Rg8 22. a4 b4 23. Re2 b3 24. Qb1 Rh5 25. Ne4 Rgh8 26. Ref2 Qc6 27. Nd6 h3 28.
Nxf5+ Rxf5 29. Qd1 Qe4 30. Qd2 hxg2 31. Re1 Qh4 32. Rxg2 g6 33. Rd1 Qf4 34. Qe2
Qf3 35. Qxf3 Rxf3 36. Rg3 Rxg3+ 37. hxg3 Rh5 38. Kg2 Rf5 39. Rh1 Rh5 40. Rf1
Rh7 41. a5 Kd7 42. Ra1 Kc6 43. Ra4 Kd5 44. Rb4 Rh8 45. Rb6 Ke4 46. Rxa6 Rc8 47.
Ra7 Kd3 48. Rxf7 Kc2 49. Rf2+ Kc1 50. Kf3 Ra8 51. Ke4 Rxa5 52. Rh2 g5 53. g4
Rb5 54. Rf2 Ra5 55. Rh2 1/2-1/2

[Event "II Open de Lisboa - Xeque Mate ao Verão "]
[Site "Espaço da Juventude nos Olivai"]
[Date "2014.08.13"]
[Round "5.4"]
[White "Vasconcellos, Renato Fialho De"]
[Black "Margarido, Jose Miguel Teixeir"]
[Result "0-1"]
[WhiteElo "2049"]
[BlackElo "1993"]
[PlyCount "124"]
[EventDate "2014.08.10"]

1. e4 c5 2. Ne2 e6 3. Nbc3 Nc6 4. g3 a6 5. Bg2 Nf6 6. O-O Be7 7. d4 cxd4 8.
Nxd4 Qc7 9. Nb3 d6 10. Bf4 Ne5 11. a4 Nc4 12. Bc1 O-O 13. Nd4 Bd7 14. b3 Na5
15. Bb2 Rab8 16. Qd3 Rfc8 17. Rfc1 Rd8 18. h3 Nc6 19. Nxc6 Bxc6 20. f4 d5 21.
e5 Qb6+ 22. Kh2 d4 23. Ne4 Nxe4 24. Bxe4 Bxe4 25. Qxe4 d3 26. a5 Qf2+ 27. Qg2
Qe3 28. Re1 Qc5 29. Ba3 Qc7 30. Bxe7 Qxe7 31. Red1 Qb4 32. Qd2 Qxd2+ 33. Rxd2
dxc2 34. Rxc2 Rd3 35. Rac1 g5 36. Rc8+ Rxc8 37. Rxc8+ Kg7 38. fxg5 Rxb3 39. h4
Rb5 40. Rc7 Rxe5 41. Rxb7 Rxa5 42. Ra7 Kg6 43. g4 Ra3 44. Ra8 h6 45. gxh6 Kxh6
46. Rh8+ Kg7 47. Ra8 Kg6 48. Kg2 a5 49. Ra7 Kg7 50. Ra8 Kh7 51. Ra7 Kg7 52. Ra8
a4 53. Ra6 Ra1 54. Kf3 a3 55. Kg2 a2 56. Ra5 e5 57. Ra6 e4 58. h5 e3 59. h6+
Kh7 60. g5 Rd1 61. Rf6 a1=Q 62. g6+ fxg6 0-1

[Event "II Open de Lisboa - Xeque Mate ao Verão "]
[Site "Espaço da Juventude nos Olivai"]
[Date "2014.08.13"]
[Round "5.5"]
[White "Pintor, Simao Maciel Abranch"]
[Black "Martins, Andre G Gomes Brito"]
[Result "1-0"]
[WhiteElo "2041"]
[BlackElo "1965"]
[PlyCount "141"]
[EventDate "2014.08.10"]

1. e4 c5 2. Nf3 Nc6 3. d4 cxd4 4. Nxd4 g6 5. c4 Bg7 6. Be3 Nf6 7. Nc3 Ng4 8.
Qxg4 Nxd4 9. Qd1 e5 10. Nb5 O-O 11. Qd2 Qe7 12. Nc7 Rb8 13. Nd5 Qd8 14. Bxd4
exd4 15. Bd3 d6 16. O-O Be6 17. Rfe1 Re8 18. Rac1 Bxd5 19. cxd5 Qb6 20. Rc4
Rec8 21. Rec1 Rxc4 22. Rxc4 Qd8 23. Qc1 Bf6 24. g3 Kg7 25. Bf1 h5 26. Bh3 Qa5
27. a3 Re8 28. b4 Qb6 29. Qc2 h4 30. Rc7 Re7 31. Rc8 hxg3 32. hxg3 a5 33. b5 a4
34. Bf1 Qa5 35. Bd3 Rd7 36. Qc1 Rd8 37. Rc7 Qb6 38. f4 Re8 39. Rd7 Re7 40. Rxe7
Bxe7 41. e5 dxe5 42. fxe5 Qc5 43. Qxc5 Bxc5 44. Kf1 Bxa3 45. Bc2 f6 46. e6 g5
47. Ke2 Bd6 48. Bxa4 Bxg3 49. b6 Kf8 50. Bc6 Bd6 51. Bxb7 Bc5 52. Bc6 Bxb6 53.
d6 Bd8 54. Be4 Ke8 55. Bf5 Kf8 56. Kd3 Kg7 57. Kxd4 Kf8 58. Kd5 g4 59. Kc6 g3
60. Kd7 g2 61. Kxd8 g1=Q 62. e7+ Kg7 63. e8=Q Qb6+ 64. Ke7 Qb7+ 65. Qd7 Qb8 66.
Qd8 Qa7+ 67. Qc7 Qe3+ 68. Kd8+ Kh6 69. Qh7+ Kg5 70. Qg6+ Kf4 71. Qh6+ 1-0

[Event "II Open de Lisboa - Xeque Mate ao Verão "]
[Site "Espaço da Juventude nos Olivai"]
[Date "2014.08.13"]
[Round "5.7"]
[White "Coelho, Pedro Rodrigo Dias"]
[Black "Stelian, Turta"]
[Result "1/2-1/2"]
[WhiteElo "1926"]
[BlackElo "1831"]
[PlyCount "130"]
[EventDate "2014.08.10"]

1. Nf3 c6 2. b3 Nf6 3. Bb2 d5 4. g3 Bf5 5. d3 Nbd7 6. Nbd2 h6 7. Bg2 e6 8. O-O
Bc5 9. c4 O-O 10. h3 Bh7 11. a3 a6 12. b4 Ba7 13. Re1 Qc7 14. c5 b6 15. d4 Rab8
16. Bc3 Rfe8 17. e3 bxc5 18. dxc5 e5 19. Qa4 Qc8 20. Rac1 Ra8 21. Nh2 a5 22.
Qd1 axb4 23. axb4 Rd8 24. Ra1 Qb7 25. Bf1 Bb8 26. Rxa8 Qxa8 27. Qb3 Qb7 28. Ra1
Bf5 29. Qa3 Re8 30. Qa6 Qc7 31. Qa5 Qb7 32. Qa6 Qc7 33. Qa5 Qd8 34. Qxd8 Rxd8
35. Ra6 Rc8 36. Nhf3 Be6 37. Ra8 Kh7 38. Ba6 Re8 39. Bb7 Bxh3 40. Bxc6 Be6 41.
b5 Rh8 42. Bb4 g5 43. b6 g4 44. Nh4 d4 45. Ne4 Nxe4 46. Bxe4+ Kg7 47. Nf5+ Kf6
48. Nd6 d3 49. Bxd3 Bd5 50. b7 Kg7 51. Bf5 Nf6 52. Bc3 h5 53. Bxe5 Bxb7 54.
Bxf6+ Kxf6 55. Nxb7 Kxf5 56. c6 Rh6 57. Rxb8 Rxc6 58. Nd8 Rc1+ 59. Kg2 f6 60.
Rb5+ Kg6 61. Ne6 f5 62. Nf4+ Kf6 63. Nxh5+ Kg5 64. Nf4 Ra1 65. Rb6 Rg1+ 1/2-1/2

[Event "II Open de Lisboa - Xeque Mate ao Verão "]
[Site "Espaço da Juventude nos Olivai"]
[Date "2014.08.13"]
[Round "5.8"]
[White "Prata, Jose Miguel Mendes"]
[Black "Lages, Duarte Jorge Silva"]
[Result "1-0"]
[WhiteElo "1967"]
[BlackElo "1777"]
[PlyCount "37"]
[EventDate "2014.08.10"]

1. e4 Nf6 2. e5 Nd5 3. d4 d6 4. c4 Nb6 5. exd6 cxd6 6. Nc3 g6 7. Be3 Bg7 8. Rc1
O-O 9. b3 Nc6 10. d5 Ne5 11. Be2 Nbd7 12. f4 e6 13. fxe5 Bxe5 14. Nf3 exd5 15.
Nxd5 Re8 16. O-O b6 17. Bd4 Bxd4+ 18. Nxd4 Re5 19. Nc6 1-0

[Event "II Open de Lisboa - Xeque Mate ao Verão "]
[Site "Espaço da Juventude nos Olivai"]
[Date "2014.08.13"]
[Round "5.9"]
[White "Garcia, Antonio Manuel Costa"]
[Black "Figueiredo, Renato Freire"]
[Result "1-0"]
[WhiteElo "1929"]
[BlackElo "1766"]
[PlyCount "71"]
[EventDate "2014.08.10"]

1. c4 c6 2. Nc3 d5 3. d4 Nf6 4. e3 Bf5 5. Nf3 e6 6. Be2 Bb4 7. O-O O-O 8. Qb3
Qe7 9. a3 Ba5 10. Bd2 Re8 11. Nxd5 exd5 12. Bxa5 b6 13. Bc3 Nbd7 14. Rac1 Rac8
15. cxd5 Nxd5 16. Bd2 c5 17. Qxd5 Be6 18. Qb7 Qd6 19. Qa6 Rcd8 20. Bc3 h6 21.
Qb5 Bd5 22. Rcd1 c4 23. Ne5 a6 24. Qb4 Qe6 25. Bxc4 Nxe5 26. Bxd5 Qxd5 27. dxe5
Qxd1 28. Rxd1 Rxd1+ 29. Be1 Rc8 30. g3 a5 31. Qxb6 Rxe1+ 32. Kg2 Re2 33. e6
Rcc2 34. Qd8+ Kh7 35. Qd3+ Kg8 36. Qxe2 1-0

[Event "II Open de Lisboa - Xeque Mate ao Verão "]
[Site "Espaço da Juventude nos Olivai"]
[Date "2014.08.13"]
[Round "5.10"]
[White "Sousa, Tadeu Filipe Leonard"]
[Black "Romano, Luis Miguel Pereira"]
[Result "0-1"]
[WhiteElo "1751"]
[BlackElo "1892"]
[PlyCount "152"]
[EventDate "2014.08.10"]

1. e4 c5 2. Nf3 Nc6 3. Nc3 g6 4. d4 cxd4 5. Nxd4 Bg7 6. Nb3 Nf6 7. Be2 O-O 8.
O-O d6 9. Bg5 a6 10. a4 Na5 11. Re1 Nxb3 12. cxb3 Be6 13. Bc4 Rc8 14. Bxe6 fxe6
15. e5 dxe5 16. Rxe5 Qxd1+ 17. Rxd1 Kf7 18. Re2 Rfd8 19. f3 Rxd1+ 20. Nxd1 Nd5
21. Rd2 Bf6 22. Bxf6 exf6 23. Nc3 Rc5 24. b4 Rc4 25. Nxd5 exd5 26. b5 Ke6 27.
bxa6 bxa6 28. b3 Rb4 29. Rd3 h5 30. Kf2 d4 31. Ke2 Ke5 32. Kd2 h4 33. Ke1 g5
34. Kf2 f5 35. h3 a5 36. Ke2 Rb6 37. Kf2 Rd6 38. Ke2 Kf4 39. Rd2 g4 40. fxg4
fxg4 41. hxg4 Ke4 42. Kf2 d3 43. Ke1 Ke3 44. g5 Rg6 45. Rf2 Rxg5 46. Rf3+ Ke4
47. Rf2 Rc5 48. Kd1 Rc3 49. Rf8 Rxb3 50. Rh8 Ke3 51. Re8+ Kd4 52. Rh8 Kc3 53.
Rc8+ Kb2 54. Kd2 Ka3 55. Rc4 Rb4 56. Rc3+ Kxa4 57. Rxd3 Rb2+ 58. Kc1 Rxg2 59.
Rd4+ Kb3 60. Rxh4 Rg1+ 61. Kd2 Rg2+ 62. Kc1 Rg1+ 63. Kd2 Rg5 64. Rh8 Rb5 65.
Kc1 Ka2 66. Rh2+ Ka1 67. Rh3 Rc5+ 68. Kd2 Kb2 69. Rh8 Rd5+ 70. Ke1 a4 71. Rb8+
Ka2 72. Rh8 a3 73. Rh2+ Kb1 74. Rh8 Rb5 75. Rd8 a2 76. Rd1+ Kb2 0-1

[Event "II Open de Lisboa - Xeque Mate ao Verão "]
[Site "Espaço da Juventude nos Olivai"]
[Date "2014.08.13"]
[Round "5.11"]
[White "Carneiro, Carlos Alberto C P"]
[Black "Alves, Luis Miguel Guerreir"]
[Result "1-0"]
[WhiteElo "2211"]
[BlackElo "1781"]
[PlyCount "71"]
[EventDate "2014.08.10"]

1. d4 Nf6 2. c4 g6 3. Nc3 Bg7 4. e4 d6 5. Be2 O-O 6. Nf3 Nbd7 7. O-O Re8 8. e5
dxe5 9. dxe5 Ng4 10. e6 fxe6 11. Ng5 Nxf2 12. Rxf2 Nf6 13. Qxd8 Rxd8 14. Rf1 h6
15. Nf3 Ne8 16. c5 c6 17. Bf4 Nf6 18. Ne5 g5 19. Bg3 h5 20. Rad1 Nd5 21. Bxh5
Bf6 22. Ne4 Bd7 23. Nxd7 Rxd7 24. Bg4 Rdd8 25. Bxe6+ Kg7 26. Nxf6 Nxf6 27. Bc7
Re8 28. Rd3 Rh8 29. Rg3 Rh5 30. Rf5 Kg6 31. h4 Rah8 32. Rfxg5+ Rxg5 33. Rxg5+
Kh6 34. Bf4 Nh5 35. Be3 Rh7 36. Rg8+ 1-0

[Event "II Open de Lisboa - Xeque Mate ao Verão "]
[Site "Espaço da Juventude nos Olivai"]
[Date "2014.08.13"]
[Round "5.12"]
[White "Morais, Vitor Mestre"]
[Black "Negrao, Alberto Rodolfo Alme"]
[Result "1/2-1/2"]
[WhiteElo "1948"]
[BlackElo "1768"]
[PlyCount "70"]
[EventDate "2014.08.10"]

1. d4 d5 2. Nf3 e6 3. g3 c6 4. Bg2 f5 5. O-O Bd6 6. b3 Nf6 7. Bb2 O-O 8. Nbd2
Nbd7 9. Ne5 Bxe5 10. dxe5 Ng4 11. Nf3 Qc7 12. Qd4 c5 13. Qc3 b5 14. b4 a5 15.
a3 Qb6 16. bxc5 Nxc5 17. Qd4 Bd7 18. h3 Nh6 19. Qh4 Ne4 20. Bd4 Qd8 21. Qxd8
Rfxd8 22. Rfc1 Rdc8 23. e3 Nc3 24. Bf1 Nf7 25. Bd3 Nd8 26. Nd2 Ne4 27. Nf1 Nb7
28. f3 Nec5 29. Be2 Na4 30. c3 Nbc5 31. Rab1 Rab8 32. Nd2 Rb7 33. Nb3 Nxb3 34.
Rxb3 Nc5 35. Rbb1 Rbb8 1/2-1/2

[Event "II Open de Lisboa - Xeque Mate ao Verão "]
[Site "Espaço da Juventude nos Olivai"]
[Date "2014.08.13"]
[Round "5.13"]
[White "Adao, David"]
[Black "Rocha, Manuel Fernando Teix"]
[Result "1-0"]
[WhiteElo "1797"]
[BlackElo "1872"]
[PlyCount "77"]
[EventDate "2014.08.10"]

1. d4 d5 2. Nf3 Nf6 3. c4 c6 4. Nc3 a6 5. Bf4 Bf5 6. e3 e6 7. Be2 Bd6 8. Bg5
Nbd7 9. Rc1 h6 10. Bh4 O-O 11. O-O Rc8 12. c5 Bc7 13. a4 e5 14. dxe5 Nxe5 15.
Qd4 Re8 16. b4 Nxf3+ 17. Bxf3 Be5 18. Qd2 Ne4 19. Bxe4 Bxh2+ 20. Kh1 Qxh4 21.
Bxf5 Rcd8 22. Qd4 Re4 23. Qd1 Be5+ 24. Bh3 Rxe3 25. fxe3 Qg3 26. Kg1 d4 27. Ne4
Qh2+ 28. Kf2 dxe3+ 29. Kxe3 Rxd1 30. Rcxd1 g5 31. Rd8+ Kg7 32. Rd7 Bf4+ 33. Kf3
h5 34. Be6 g4+ 35. Kf2 Bh6 36. Rxf7+ Kh8 37. Rd1 Qh4+ 38. Ke2 g3 39. Nf6 1-0

[Event "II Open de Lisboa - Xeque Mate ao Verão "]
[Site "Espaço da Juventude nos Olivai"]
[Date "2014.08.13"]
[Round "5.14"]
[White "Dionizio, Andre Filipe N"]
[Black "Cadeirinhas, David E Louro Ada"]
[Result "1/2-1/2"]
[WhiteElo "1796"]
[BlackElo "1863"]
[PlyCount "143"]
[EventDate "2014.08.10"]

1. e4 c5 2. Nc3 a6 3. f4 b5 4. d3 Bb7 5. Nf3 e6 6. g3 d5 7. Bg2 Nf6 8. O-O Be7
9. exd5 exd5 10. d4 c4 11. Ne5 Nc6 12. Nxc6 Bxc6 13. Nb1 O-O 14. c3 Qb6 15. Nd2
a5 16. Re1 Rfe8 17. a3 Bd6 18. Rxe8+ Rxe8 19. Nf3 Ne4 20. Ne5 Bb7 21. Bxe4 dxe4
22. Ng4 Be7 23. Be3 Qe6 24. Nf2 Qg6 25. Qe2 h5 26. a4 Qf5 27. axb5 Qxb5 28. Bc1
Bd6 29. Nd1 Bc8 30. Ne3 Be6 31. f5 Bxf5 32. Qxh5 g6 33. Qe2 Be6 34. Ng2 Bd7 35.
Bf4 Bxf4 36. Nxf4 Bf5 37. g4 Bd7 38. h4 Qb8 39. Rf1 Qb5 40. Nh3 Qd5 41. Nf4 Qb5
42. Ng2 Bc6 43. Ne3 Bd5 44. b3 Rc8 45. h5 Rc7 46. hxg6 fxg6 47. bxc4 Bxc4 48.
Nxc4 Qxc4 49. Qxe4 Qc6 50. d5 Qb6+ 51. Kg2 Qb2+ 52. Rf2 Qxc3 53. Qe6+ Kg7 54.
g5 Qd4 55. d6 Rb7 56. Re2 a4 57. Qe5+ Qxe5 58. Rxe5 Rd7 59. Ra5 Rxd6 60. Ra7+
Kf8 61. Rxa4 Rd5 62. Rg4 Ke7 63. Kg3 Ke6 64. Kh3 Kf5 65. Rg3 Rd4 66. Kg2 Rh4
67. Kf3 Rh2 68. Rg2 Rh3+ 69. Kf2 Ra3 70. Kg1 Kf4 71. Kh2 Ra1 72. Rg3 1/2-1/2

[Event "II Open de Lisboa - Xeque Mate ao Verão "]
[Site "Espaço da Juventude nos Olivai"]
[Date "2014.08.13"]
[Round "5.15"]
[White "Fortunato, Antonio Eduardo Con"]
[Black "Maslov, Vadim"]
[Result "0-1"]
[WhiteElo "1752"]
[BlackElo "1858"]
[PlyCount "91"]
[EventDate "2014.08.10"]

1. e4 c5 2. Nc3 e6 3. d3 Nc6 4. Bf4 a6 5. Nf3 d5 6. exd5 exd5 7. g3 Nf6 8. Bg2
Be7 9. O-O O-O 10. Re1 d4 11. Ne4 Nd5 12. Bd2 Be6 13. Nfg5 Bf5 14. a3 h6 15.
Nh3 Bxh3 16. Bxh3 f5 17. Qh5 Qe8 18. Qxe8 Raxe8 19. f4 fxe4 20. Be6+ Kh8 21.
Bxd5 e3 22. Bc1 g5 23. Bxc6 bxc6 24. fxg5 Bxg5 25. c3 Rf2 26. cxd4 cxd4 27. b3
Ref8 28. Rb1 Rc2 29. Bb2 c5 30. b4 Rff2 31. bxc5 Rg2+ 32. Kh1 Rxh2+ 33. Kg1
Rcg2+ 34. Kf1 e2+ 35. Rxe2 Rxe2 36. Bxd4+ Kh7 37. Rb7+ Kg6 38. Bg1 Rhg2 39. c6
Rc2 40. c7 Rgd2 41. Rb6+ Kh5 42. Rb1 Rxc7 43. Bf2 Rf7 44. g4+ Kxg4 45. d4
Rfxf2+ 46. Kg1 0-1

[Event "II Open de Lisboa - Xeque Mate ao Verão "]
[Site "Espaço da Juventude nos Olivai"]
[Date "2014.08.13"]
[Round "5.16"]
[White "Santos, Jose Manuel Duarte C"]
[Black "Correia, Jorge Paulo Cardoso"]
[Result "1-0"]
[WhiteElo "1853"]
[BlackElo "1750"]
[PlyCount "135"]
[EventDate "2014.08.10"]

1. e4 c5 2. Nf3 Nc6 3. Bb5 Nd4 4. Nxd4 cxd4 5. O-O a6 6. Ba4 b5 7. Bb3 Bb7 8.
d3 Qc7 9. c3 g6 10. cxd4 Bg7 11. Be3 d5 12. Nc3 Rd8 13. Bxd5 Bc8 14. Rc1 Qb6
15. Qb3 e6 16. Na4 Qa5 17. Bc6+ Kf8 18. Nc3 Ne7 19. d5 Nxc6 20. dxc6 Rxd3 21.
Rfd1 Rxd1+ 22. Rxd1 Bxc3 23. bxc3 Kg7 24. e5 h6 25. Rd6 Qc7 26. Qb4 g5 27. h4
Qe7 28. Bb6 gxh4 29. Qd4 Qg5 30. Bd8 Qc1+ 31. Kh2 Rg8 32. Bxh4 a5 33. Qe4 h5
34. Qd3 Qf4+ 35. Bg3 Qg5 36. Qf3 b4 37. cxb4 axb4 38. Qe4 Ba6 39. Qxb4 h4 40.
Bf4 Qg4 41. Qe4 Bf1 42. c7 Kh8 43. Rd8 Ba6 44. Rxg8+ Qxg8 45. Bh6 h3 46. Kxh3
Bc8 47. Qh4 Qh7 48. g4 Qd3+ 49. Be3+ Kg7 50. Qf6+ Kh7 51. Qxf7+ Kh8 52. Qf8+
Kh7 53. Qf7+ Kh8 54. Qe8+ Kg7 55. Qe7+ Kg6 56. Qe8+ Kg7 57. Qe7+ Kg6 58. Kh4
Qe4 59. Qf6+ Kh7 60. Qf7+ Kh8 61. Qf6+ Kh7 62. Kg5 Kg8 63. Qd8+ Kg7 64. Qe7+
Kg8 65. Qe8+ Kg7 66. f4 Qh1 67. Qg6+ Kf8 68. Bc5# 1-0

[Event "II Open de Lisboa - Xeque Mate ao Verão "]
[Site "Espaço da Juventude nos Olivai"]
[Date "2014.08.13"]
[Round "5.17"]
[White "Azevedo, Manuel Roque"]
[Black "Antunes, Paulo Alexandre Gonç"]
[Result "0-1"]
[WhiteElo "1720"]
[BlackElo "1850"]
[PlyCount "108"]
[EventDate "2014.08.10"]

1. d4 g6 2. Nf3 Bg7 3. c4 f5 4. Nc3 Nf6 5. g3 b6 6. Bg2 Bb7 7. O-O a5 8. e3 e6
9. b3 c6 10. Ba3 Qc7 11. Rc1 Na6 12. Qe2 Nb4 13. Rfd1 O-O-O 14. Bxb4 axb4 15.
Na4 h5 16. Ng5 Rdf8 17. h4 Ne4 18. Nxe4 fxe4 19. Bxe4 g5 20. f4 gxh4 21. gxh4
Qd8 22. Qh2 Bf6 23. Rd2 Rfg8+ 24. Rg2 Rxg2+ 25. Kxg2 Rg8+ 26. Kf1 Rg4 27. Ke2
Rxh4 28. Qf2 Rh3 29. Rh1 Rxh1 30. Bxh1 h4 31. Bg2 d6 32. Qe1 c5 33. Bxb7+ Kxb7
34. Qh1+ Kc7 35. Qe4 Qg8 36. f5 cxd4 37. fxe6 h3 38. e7 d3+ 39. Kxd3 Be5 40.
Qf5 h2 41. Qh3 Qg6+ 42. Ke2 Qe8 43. Qh7 b5 44. cxb5 Qxb5+ 45. Kf2 Kd7 46. e8=Q+
Kxe8 47. Qg8+ Ke7 48. Qh7+ Kd8 49. Qg8+ Qe8 50. Qg5+ Kc7 51. Qh6 Qg8 52. Kf3
Qg3+ 53. Ke2 Qg2+ 54. Kd3 h1=Q 0-1

[Event "II Open de Lisboa - Xeque Mate ao Verão "]
[Site "Espaço da Juventude nos Olivai"]
[Date "2014.08.13"]
[Round "5.18"]
[White "Balu, Henish Hemendra"]
[Black "Fidalgo, Andre Neves"]
[Result "0-1"]
[WhiteElo "1688"]
[BlackElo "1841"]
[PlyCount "100"]
[EventDate "2014.08.10"]

1. e4 c5 2. Nf3 Nc6 3. d4 cxd4 4. Nxd4 g6 5. c4 Nf6 6. Nc3 d6 7. Be2 Nxd4 8.
Qxd4 Bg7 9. Be3 O-O 10. Qd1 Be6 11. Rc1 Qa5 12. O-O Rfc8 13. b3 a6 14. Na4 Nd7
15. f4 f5 16. Bf3 fxe4 17. Bxe4 Rab8 18. Bd2 Qc7 19. f5 gxf5 20. Bxf5 Bxf5 21.
Rxf5 b5 22. cxb5 Qa7+ 23. b6 Nxb6 24. Be3 Rxc1 25. Qxc1 Qd7 26. Ra5 Nxa4 27.
Rxa4 Rc8 28. Rc4 Rf8 29. Rc6 Qf5 30. Rc2 Qd3 31. Rf2 Rxf2 32. Kxf2 Bc3 33. Qf1
Qxf1+ 34. Kxf1 e5 35. Ke2 Kf7 36. Kd3 Ba5 37. a3 Ke6 38. b4 Bd8 39. a4 d5 40.
g4 e4+ 41. Kc3 Ke5 42. b5 Ba5+ 43. Kc2 axb5 44. axb5 d4 45. Bd2 Bb6 46. h4 e3
47. Be1 Ke4 48. g5 d3+ 49. Kd1 e2+ 50. Kc1 Be3+ 0-1

[Event "II Open de Lisboa - Xeque Mate ao Verão "]
[Site "Espaço da Juventude nos Olivai"]
[Date "2014.08.13"]
[Round "5.19"]
[White "Romano, Joao Manuel Pereira"]
[Black "Aguiar, Carlos Alberto Branc"]
[Result "1-0"]
[WhiteElo "1593"]
[BlackElo "1809"]
[PlyCount "147"]
[EventDate "2014.08.10"]

1. e4 c5 2. Nf3 d6 3. Bb5+ Bd7 4. Bxd7+ Qxd7 5. c4 Nc6 6. d4 cxd4 7. Nxd4 Nf6
8. Nc3 g6 9. h3 Bg7 10. Be3 Rc8 11. b3 O-O 12. O-O Nxd4 13. Bxd4 b6 14. Qd3
Rfe8 15. Rad1 Qc7 16. f4 Rcd8 17. e5 dxe5 18. fxe5 Nd7 19. Qe3 Nf8 20. Qf4 f5
21. exf6 exf6 22. Bxf6 Rxd1 23. Nxd1 Bxf6 24. Qxf6 Qe7 25. Qf2 Nd7 26. Nc3 Qe3
27. Nd5 Qxf2+ 28. Rxf2 Re1+ 29. Kh2 Kg7 30. Kg3 Nc5 31. Kf3 Nd3 32. Re2 Rf1+
33. Ke3 Nc5 34. Kd2 Rf7 35. b4 Nd7 36. Kd3 Kf8 37. Kd4 Rf1 38. Nc3 Rf5 39. Ne4
Rf1 40. Rf2+ Rxf2 41. Nxf2 Ke7 42. Ne4 Nb8 43. Kd5 h6 44. c5 bxc5 45. bxc5 Kd7
46. Nf6+ Kc7 47. Ng4 h5 48. Ne5 g5 49. g4 hxg4 50. hxg4 a5 51. Nf7 Nd7 52. Ne5
Nf6+ 53. Kc4 Ne4 54. a4 Kb7 55. Kb5 Kc7 56. Nf3 Nf6 57. Nxg5 Nxg4 58. Kxa5 Kc6
59. Ne4 Ne5 60. Kb4 Nd7 61. Kc4 Ne5+ 62. Kc3 Nd7 63. Kd4 Nf8 64. Ng5 Nd7 65.
Ne6 Nb8 66. Kc4 Nd7 67. Nd4+ Kc7 68. Kb5 Ne5 69. a5 Nd7 70. a6 Ne5 71. Ne6+ Kb8
72. c6 Nf7 73. Kb6 Nd6 74. a7+ 1-0